| 000 | 00724nam a2200229Ia 4500 | ||
|---|---|---|---|
| 001 | 15822 | ||
| 003 | GE_BSU | ||
| 008 | 181216s||||||||xx |||||||||||||| ||und|| | ||
| 040 | _cGE_BSU | ||
| 080 | _a821.353.1-1 | ||
| 100 | _aჭყონია, თამარ | ||
| 245 | _aლექსის მადლით გულანთებული | ||
| 245 | _bლექსები | ||
| 245 | _cწინას.ავტ. ე.ანანიძე | ||
| 260 | _aბათუმი | ||
| 260 | _bალიონი | ||
| 260 | _c1998 | ||
| 300 | _a91გვ. ; 20სმ.ილ. | ||
| 653 | _aლექსები | ||
| 653 | _aლექსის მადლით გულანთებული | ||
| 942 | _cBK | ||
| 999 |
_c48919 _d48919 |
||